Física i : mecánica, ondas y calor /
Guardado en:
| Autor Principal: | |
|---|---|
| Otros Autores: | |
| Formato: | Libro |
| Publicado: |
Buenos Aires :
Aique,
1998
|
| Materias: | |
| Etiquetas: |
Agregar Etiqueta
Sin Etiquetas, Sea el primero en etiquetar este registro!
|
| LEADER | 00924nam a22002415a 4500 | ||
|---|---|---|---|
| 001 | CEM.cems010719 | ||
| 005 | 20080407112404.0 | ||
| 008 | 130507s1998##################000#0#####d | ||
| 003 | CEMS | ||
| 020 | |a 9507015086 | ||
| 082 | 0 | 4 | |a 530 |
| 100 | 1 | |a Rela, Agustín | |
| 245 | 1 | 0 | |a Física i : |b mecánica, ondas y calor / |c Agustín Rela, Jorge Sztrajman |
| 260 | |a Buenos Aires : |b Aique, |c 1998 | ||
| 300 | |a 336 p. | ||
| 505 | 0 | |a Estática -- Cinemática -- Dinámica -- Leyes de conservación -- Gravedad -- Hidrostática -- Ondas -- Calor | |
| 653 | |a Física | ||
| 653 | |a Física-polimodal | ||
| 700 | 1 | |a Sztrajman, Jorge | |
| 859 | |a CEMS |b BIB. CEMS - 11 de abril |h 530 |i R27-1 |p 21388.01 |t Ej.1 |v I |3 I | ||
| 859 | |a CEMS |b BIB. CEMS - 11 de abril |h 530 |i R27-1 |p 21390.01 |t Ej.3 |v I |3 I | ||
| 859 | |a CEMS |b BIB. CEMS - 11 de abril |h 530 |i R27-1 |p 25128.08 |t Ej.4 |v I |3 I | ||
| 859 | |a CEMS |b BIB. CEMS - 11 de abril |h 530 |i R27-1 |p 27685.18 |t Ej.5 |v I |3 I | ||
